Edgar Allan Poe / (Record no. 1657)

MARC details
000 -LEADER
fixed length control field 01039cam a2200325 a 4500
005 - DATE AND TIME OF LATEST TRANSACTION
control field 20250826102659.0
020 ## - INTERNATIONAL STANDARD BOOK NUMBER
International Standard Book Number 0439220300
040 ## - CATALOGING SOURCE
Original cataloging agency DLC
Transcribing agency DLC
Modifying agency DLC
Language of cataloging eng
050 00 - LIBRARY OF CONGRESS CALL NUMBER
Classification number PS2605.B34
082 00 - DEWEY DECIMAL CLASSIFICATION NUMBER
Classification number 811.3
Edition number 20
100 1# - MAIN ENTRY--PERSONAL NAME
Personal name Poe, Edgar Allan
Dates associated with a name 1809-1849
245 10 - TITLE STATEMENT
Title Edgar Allan Poe /
Statement of responsibility, etc. edited by Brod Bagert ; illustrated by Carolynn Cobleigh.
260 ## - PUBLICATION, DISTRIBUTION, ETC.
Date of publication, distribution, etc. 1995
Name of publisher, distributor, etc. Scholastic,
Place of publication, distribution, etc. New York :
300 ## - PHYSICAL DESCRIPTION
Extent 48 pages :
Other physical details Color illustrations ;
Dimensions 26 cm
490 ## - SERIES STATEMENT
Series statement Poetry for young people
500 ## - GENERAL NOTE
General note "A Magnolia Editions book"--T.p. verso.
500 ## - GENERAL NOTE
General note Includes index.
505 ## - FORMATTED CONTENTS NOTE
Formatted contents note S <br/>
520 ## - SUMMARY, ETC.
Summary, etc. A collection of thirteen poems and eight prose selections from larger works.
521 ## - TARGET AUDIENCE NOTE
Target audience note 800 <br/>
Source Lexile <br/>
521 ## - TARGET AUDIENCE NOTE
Target audience note S <br/>
Source Raz-Plus <br/>
650 00 - SUBJECT ADDED ENTRY--TOPICAL TERM
Topical term or geographic name entry element Children's poetry, American.
650 #1 - SUBJECT ADDED ENTRY--TOPICAL TERM
Topical term or geographic name entry element American poetry.
650 #1 - SUBJECT ADDED ENTRY--TOPICAL TERM
Topical term or geographic name entry element Short stories.
700 1# - ADDED ENTRY--PERSONAL NAME
Personal name Bagert, Brod
700 1# - ADDED ENTRY--PERSONAL NAME
Personal name Cobleigh, Carolynn
Relator term illustrator
906 ## - LOCAL DATA ELEMENT F, LDF (RLIN)
a 7
b cbc
c orignew
d 1
e ocip
f 19
g y-gencatlg
942 ## - ADDED ENTRY ELEMENTS (KOHA)
Source of classification or shelving scheme Dewey Decimal Classification
Koha item type Books
Suppress in OPAC No
999 ## -
-- 1657
-- 1657
Holdings
Withdrawn status Lost status Source of classification or shelving scheme Damaged status Not for loan Collection Home library Current library Shelving location Date acquired Total Checkouts Full call number Barcode Date last seen Price effective from Koha item type Copy number
    Dewey Decimal Classification     Fiction Footprints International School Library Network Toul Tom Poung Campus Footprints International School Library Network Toul Tom Poung Campus TTP Secondary Fiction Bookshelves 09/13/2023   BAG 811.3 PS2605.B34 FIS04853 09/13/2023 09/13/2023 Books  
    Dewey Decimal Classification     Fiction Footprints International School Library Network Toul Tom Poung Campus Footprints International School Library Network Toul Tom Poung Campus TTP Secondary Fiction Bookshelves 08/26/2025   BAG 811.3 PS2605.B34 FIS04759 08/26/2025 08/26/2025 Books 2